000 00640nam a2200205 i 4500
001 88306
003 ES-MaACL
005 20230906175833.0
007 t|
008 050104s1927 fr ||||1| fre d
100 1 _aLagrange, Marie-Joseph.
_969604
245 1 0 _aEvangile selon Saint Mathieu /
_cpar Marie-Joseph Lagrange, J. Lagrange.
250 _a4eme ed.
260 _aParis :
_bJ. Gabalda,
_c1927 (
_fFirmin Didot)
300 _aCLXXXVII, 569 p. ;
_c26 cm.
500 _aEtudes bibliques.
630 0 4 _aBiblia.
_pN.T.
_pEvangelio segĂșn Mateo-
_vComentarios.
_9144757
700 1 _aLagrange, J.
_969603
852 _aES-MaACL
_jA-2791
999 _c88306
_d88306